000 01350cam a2200229 4500
001 ABS65798
008 020902n2002 000 0 eng u
035 _a(Sirsi) u119533
100 _aCreasey, S.
245 _aPlaying with fire
260 _c2002
490 _aProperty Week
_v 16 August 2002, 6-7(2)
520 _aDiscusses the problem with the flammability of sandwich boards used in shed construction. Describes how the material is popular with the food industry as it is a good insulator and is extremely hygienic but the Association of British Insurers (ABI) has found that the expanded polystyrene contributes to the rapid spread of fire. The insurance industry has been increasingly unwilling to cover these buildings with a recent deal for a sandwich panelled shed being called off because the costs to insure it were too great. Argues the solution for existing property would be to reclad the building with a more fire-resistant material. For future design, the costs of materials need to be looked at in relation to increased insurance costs.
590 _aABS
650 _aMANAGEMENT-HEALTH AND SAFETY-FIRE SAFETY
650 _aFIRE INSURANCE
650 _aASSOCIATION OF BRITISH INSURERS
650 _aSANDWICH BOARDS
650 _aCONSTRUCTION PROJECTS
690 _aBUILT ENVIRONMENT-BUILDING STANDARDS
942 _n0
999 _c71062
_d71062